<?xml version="1.0" encoding="UTF-8"?><?xml-stylesheet type="text/xsl" href="static/style.xsl"?><OAI-PMH xmlns="http://www.openarchives.org/OAI/2.0/" xmlns:xsi="http://www.w3.org/2001/XMLSchema-instance" xsi:schemaLocation="http://www.openarchives.org/OAI/2.0/ http://www.openarchives.org/OAI/2.0/OAI-PMH.xsd"><responseDate>2026-04-14T07:58:14Z</responseDate><request verb="GetRecord" identifier="oai:www.recercat.cat:20.500.12694/7394" metadataPrefix="marc">https://recercat.cat/oai/request</request><GetRecord><record><header><identifier>oai:recercat.cat:20.500.12694/7394</identifier><datestamp>2025-12-18T12:09:07Z</datestamp><setSpec>com_2072_179042</setSpec><setSpec>col_2072_484474</setSpec></header><metadata><record xmlns="http://www.loc.gov/MARC21/slim" xmlns:dcterms="http://purl.org/dc/terms/" xmlns:xsi="http://www.w3.org/2001/XMLSchema-instance" xmlns:doc="http://www.lyncode.com/xoai" xsi:schemaLocation="http://www.loc.gov/MARC21/slim http://www.loc.gov/standards/marcxml/schema/MARC21slim.xsd">
   <leader>00925njm 22002777a 4500</leader>
   <datafield ind2=" " ind1=" " tag="042">
      <subfield code="a">dc</subfield>
   </datafield>
   <datafield ind2=" " ind1=" " tag="720">
      <subfield code="a">Anduix Fuentes, Pau</subfield>
      <subfield code="e">author</subfield>
   </datafield>
   <datafield ind2=" " ind1=" " tag="260">
      <subfield code="c">2024-06</subfield>
   </datafield>
   <datafield ind2=" " ind1=" " tag="520">
      <subfield code="a">L'objectiu principal d’aquest projecte és desenvolupar i plasmar un model de negoci real, basat en una xarxa en línia que uneix i vincula músics de l'àmbit tradicional, directors, compositors i agrupacions de música folk amb contractants (ja siguin usuaris, ajuntaments o entitats musicals de tot tipus) per tal de simplificar i facilitar la dura tasca de realitzar aquest tipus de contractes. Amb aquesta App pretenem crear una eina d’utilització constant, per a resoldre un problema existent en la societat actual: contractar de forma ràpida, senzilla i amb les màximes garanties de qualitat.</subfield>
   </datafield>
   <datafield ind2=" " ind1=" " tag="520">
      <subfield code="a">El objetivo principal de este proyecto es desarrollar y plasmar un modelo de negocio real, basado en una red en línea que une y vincula a músicos del ámbito tradicional, directores, compositores y agrupaciones de música folk con contratantes (ya sean usuarios, ayuntamientos o entidades musicales de todo tipo) para tal de simplificar y facilitar la dura labor de realizar este tipo de contratos. Con esta App pretendemos crear una herramienta de utilización constante, para resolver un problema existente en la sociedad actual: contratar de forma rápida, sencilla y con las máximas garantías de calidad.</subfield>
   </datafield>
   <datafield ind2=" " ind1=" " tag="520">
      <subfield code="a">He main objective of this project is to develop and implement a real business model, based on an online network that unites and connects folk musicians, directors, composers, and folk music groups with contractors (users, city councils, or musical entities of all kinds) to simplify and facilitate the difficult task of carrying out these types of contracts. With this App, we intend to create a tool for constant use to solve an existing problem in today’s society: contracting quickly, easily, and with the highest guarantees of quality.</subfield>
   </datafield>
   <datafield ind1="8" ind2=" " tag="024">
      <subfield code="a">http://hdl.handle.net/20.500.12694/7394</subfield>
   </datafield>
   <datafield tag="653" ind2=" " ind1=" ">
      <subfield code="a">TFG Música tradicional</subfield>
   </datafield>
   <datafield tag="653" ind2=" " ind1=" ">
      <subfield code="a">Aplicacions mòbils</subfield>
   </datafield>
   <datafield tag="653" ind2=" " ind1=" ">
      <subfield code="a">Música folklòrica--Contractes</subfield>
   </datafield>
   <datafield ind2="0" ind1="0" tag="245">
      <subfield code="a">Proposta i desenvolupament d'un model de negoci d'intermediació de contractes musicals en línia</subfield>
   </datafield>
</record></metadata></record></GetRecord></OAI-PMH>